000 00907cam a22002894a 4500
090 _c0
001 14695413
005 20201128013502.0
008 070112s2007 ohua b 001 0 eng
010 _a2006906043
020 _a9780324313185 (hbk.)
020 _a0324313187 (hbk.)
040 _aDLC
_cDLC
050 0 0 _aHF5667
_b.K533 2007
082 _a657.45
_bKNE
100 1 _aKnechel, W. Robert.
245 1 0 _aAuditing :
_bAssurance & Risk /
_cW. Robert Knechel, Steven E. Salterio, Brian Ballou.
250 _a3rd ed.
260 _aMason, OH :
_bThomson/South-Western,
_cc2007.
300 _axxix, 857 p. :
_bill. ;
_c27 cm.
504 _aIncludes bibliographical references and index.
650 0 _aAuditing.
700 _91903
_aBallou, Brian
700 _91902
_aSalterio, Steven E.
942 _2ddc
_cBB
999 _c10526
_d10526